000 00764nam a2200205 a 4500
001 000025199
005 20200930023626.0
008 110211s2017 dr d r 000 0 spa d
020 _a9789945472806
040 _aDO-SdBNP
_bspa
_cBNPHU
082 _axxxx
_bG993d
100 1 _aGuzmán, Rolando M.
_918774
245 1 3 _aEl dilema económico de la democracia dominicana :
_bcrecimiento, estabilidad y distribución /
_cRolando M. Guzmán.
260 _aSanto Domingo :
_bIntec,
_c2017.
300 _a287 p. :
_bDiagr. ;
_c23 cm.
500 _aIncluye datos biográficos del autor en la solapa de la cubierta
500 _aIncluye referencias bibliográficas y notas al pie de las páginas
504 _aBibliografía : p. 253-287
590 _aInventariado, 2020/BT
999 _c24692
_d24692